| 000 | 00484nam a2200169 i 4500 | ||
|---|---|---|---|
| 001 | 42663 | ||
| 003 | ES-MaACL | ||
| 005 | 20250822055318.0 | ||
| 007 | t| | ||
| 008 | 030313s1966 sp ||||1| spa d | ||
| 100 | 1 |
_aCastro, Américo, _d1885-1972 _9226525 |
|
| 245 | 1 | 0 |
_aCervantes y los casticismos españoles... / _cAmérico Castro. |
| 260 |
_aMadrid : _bAlfaguara, _c[1966] |
||
| 300 |
_aXII, 364 p. ; _c21 cm. |
||
| 852 |
_aES-MaACL _jC-32797 _bR.62485 |
||
| 999 |
_c42663 _d42663 |
||